[Event "GER-ch blitz (Women)"]
[Site "Magdeburg"]
[Date "2019.05.25"]
[Round "8"]
[White "Michna, Marta"]
[Black "Kotyk, Valeriya"]
[Result "1-0"]
[WhiteElo "2355"]
[BlackElo "1739"]
[PlyCount "85"]
[EventDate "2019.05.25"]
[EventType "tourn (blitz)"]
[EventRounds "29"]
[EventCountry "GER"]
[SourceTitle "CBM 190 Extra"]
[Source "ChessBase"]
[SourceDate "2019.07.15"]
[SourceVersion "1"]
[SourceVersionDate "2019.07.15"]
[SourceQuality "1"]

1. Nf3 d5 2. g3 g6 3. Bg2 Bg7 4. 0-0 c6 5. d3 e6 6. Nbd2 Ne7 7. e4 dxe4 8. dxe4 Nd7 9. a4 0-0 10. Nc4 b5 11. axb5 cxb5 12. Nd6 Qc7 13. Nxb5 Qb6 14. Na3 Rd8 15. Nc4 Qc5 16. Qe2 Bb7 17. Be3 Qc7 18. Bxa7 Rdc8 19. Nfd2 Nc6 20. Be3 Nce5 21. Nxe5 Qxe5 22. c3 Nf6 23. Bd4 Qc7 24. h3 Rcb8 25. Kh2 Bc6 26. Rxa8 Rxa8 27. Qc4 Qb7 28. Qb3 Qxb3 29. Nxb3 Bxe4 30. Bxf6 Bxg2 31. Kxg2 Bxf6 32. Nc5 Rc8 33. Ne4 Bg7 34. Rd1 Kf8 35. Rd7 Ke8 36. Rxf7 Kxf7 37. Nd6+ Kf6 38. Nxc8 Ke5 39. b3 Ke4 40. c4 Kd4 41. Nd6 Kc3 42. c5 Bf8 43. Nb7 1-0

[Event "GER-ch blitz (Women)"]
[Site "Magdeburg"]
[Date "2019.05.25"]
[Round "23"]
[White "Zimmer, Elke"]
[Black "Kotyk, Valeriya"]
[Result "0-1"]
[WhiteElo "1926"]
[BlackElo "1739"]
[PlyCount "97"]
[EventDate "2019.05.25"]
[EventType "tourn (blitz)"]
[EventRounds "29"]
[EventCountry "GER"]
[SourceTitle "CBM 190 Extra"]
[Source "ChessBase"]
[SourceDate "2019.07.15"]
[SourceVersion "1"]
[SourceVersionDate "2019.07.15"]
[SourceQuality "1"]

1. e4 e6 2. d4 d5 3. exd5 exd5 4. Nf3 Nc6 5. Bd3 Bd6 6. c3 Nge7 7. 0-0 0-0 8. Bg5 f6 9. Bh4 Bf5 10. Qc2 Qd7 11. Nbd2 Rfe8 12. Bg3 Bxd3 13. Qxd3 Bxg3 14. hxg3 Qf5 15. Qb5 b6 16. Rfe1 a6 17. Qa4 b5 18. Qb3 Ng6 19. Nf1 Nce7 20. Ne3 Qd7 21. a4 c6 22. axb5 axb5 23. Qc2 Nf8 24. Nh4 Rxa1 25. Rxa1 g6 26. Qb1 Nc8 27. Ra8 Nd6 28. Rxe8 Qxe8 29. Qa2 Ne6 30. Qa7 Nc4 31. Nxc4 bxc4 32. Qb7 Nd8 33. Qa8 Kf7 34. Nf3 Ne6 35. Qb7+ Kg8 36. Kf1 Nd8 37. Qa7 Qf7 38. Qa8 Qd7 39. Ne1 Kf7 40. Nc2 Ke6 41. Nb4 Kd6 42. f3 h5 43. Kf2 Ke7 44. Qb8 g5 45. f4 Qd6 46. Qa7+ Ke6 47. fxg5 fxg5 48. Qg7 Qe7 49. Qe5+ 0-1

[Event "Regionalliga Nord 1718 (Women)"]
[Site "Germany"]
[Date "2017.10.15"]
[Round "1.1"]
[White "Kotyk, Valeriya"]
[Black "Moutaqi, Sandra"]
[Result "1/2-1/2"]
[WhiteElo "1755"]
[BlackElo "2039"]
[PlyCount "78"]
[EventDate "2017.10.15"]
[EventType "team-tourn"]
[EventRounds "5"]
[EventCountry "GER"]
[SourceTitle "CBM 183 Extra"]
[Source "ChessBase"]
[SourceDate "2018.04.19"]
[SourceVersion "1"]
[SourceVersionDate "2018.04.19"]
[SourceQuality "1"]
[WhiteTeam "Hamburger SK (W) III"]
[BlackTeam "Ludwigslust (W)"]
[WhiteTeamCountry "GER"]
[BlackTeamCountry "GER"]

1. d4 d5 2. c4 e6 3. Nc3 Nf6 4. cxd5 exd5 5. Bg5 Be7 6. e3 Bf5 7. Qb3 Nbd7 8. Nf3 Nb6 9. Be2 0-0 10. 0-0 c6 11. Nh4 Be6 12. Nf3 h6 13. Bh4 Ne4 14. Bxe7 Qxe7 15. Qc2 Nxc3 16. Qxc3 Bg4 17. b3 Nd7 18. h3 Bh5 19. Qd2 Nf6 20. Ne5 Ne4 21. Qb2 Bxe2 22. Qxe2 Rad8 23. Rac1 Rfe8 24. Rfd1 Qh4 25. Rc2 Re6 26. Qg4 Qxg4 27. Nxg4 h5 28. Ne5 Rf6 29. b4 a6 30. a4 Nd6 31. Rb1 Re6 32. Rb3 f6 33. Nd3 g5 34. a5 Re7 35. Rb1 Nc4 36. Re1 Rde8 37. Nb2 Na3 38. Rd2 Nb5 39. Rc1 Nd6 1/2-1/2